Normal view MARC view

Entry Meeting Name

Number of records used in: 1

001 - CONTROL NUMBER

  • control field: 22898

003 - CONTROL NUMBER IDENTIFIER

  • control field: OSt

005 - DATE AND TIME OF LATEST TRANSACTION

  • control field: 20211105134710.0

008 - FIXED-LENGTH DATA ELEMENTS

  • fixed length control field: 211105|| aca||aabn | a|a d

040 ## - CATALOGING SOURCE

  • Original cataloging agency: OSt
  • Transcribing agency: OSt

111 ## - HEADING--MEETING NAME

  • Meeting name or jurisdiction name as entry element: Conference on a Half Century of Stellar Pulsation Interpretations
  • Location of meeting: New Mexico
  • Date of meeting or treaty signing: 1997 June 16-20

670 ## - SOURCE DATA FOUND

  • Source citation: Work cat.: (OSt): Conference on a Half Century of Stellar Pulsation Interpretations New Mexico 1997 June 16-20, A half century of stellar pulsation interpretations-a tribute to Arhur N Cox, 1998

Powered by Koha